Сътрудничество - минало, настояще, бъдеще [CD-ROM] (Запис номер 220782)
[ съкратено ]
| 000 -Лидер | |
|---|---|
| Контролно поле с фиксирана дължина | 01594njm a2200373 c 4500 |
| 003 - Код на организацията, давaща контролен номер | |
| Контролно поле | BLK |
| 005 - Дата и час на последна редакция | |
| Контролно поле | 20220218165146.0 |
| 008 - Елементи от данни с фиксирана дължина | |
| fixed length control field | 180410b bul||n||s|||||||| n|bulo| |
| 010 ## - Наследен системен номер | |
| LC control number | CDD00003252000 |
| 040 ## - Източник на каталожния запис | |
| Идентификатор на билиотеката - собственик на записа | BLK |
| 041 ## - Код за език | |
| Код за езика на текст/звукозапис или на отделно заглавие | Български |
| Код за езика КДБФ | Български |
| 072 #7 - Код за тематичната категория | |
| Код организация | bullib |
| Код за тематична категория | К |
| Текст | Краезнание |
| 080 ## - УДК | |
| Текстов определител УДК | Висше образование. Висши учебни заведения |
| УДК код - определител по УДК | 378 |
| УДК определител | (497.215.034)(091) |
| УДК - код + определител | 378(497.215.034)(091) |
| 139 ## - Редно поле | |
| Редна дума | Михов, Васил Димитров и др. |
| Авторски знак | Михо - М 76 |
| 245 10 - Сведения за заглавието | |
| Заглавие | Сътрудничество - минало, настояще, бъдеще [CD-ROM] |
| Подзаглавни данни | Док. сб. 1995 - 14.02.2007 |
| Редно поле (дума) | състав. Васил Димитров Михов; състав. Цено Крумов Костов. |
| 257 ## - Страна на издаване | |
| Страна на създаване/издаване | България |
| 260 ## - Област на издателските данни | |
| Име на издателя, разпространителя и проч. | Община Монтана |
| -- | Русенски унив. Ангел Кънчев |
| Година на издаване | 2007 |
| 300 ## - Физическа характеристика | |
| Страници | (78,5 МВ) |
| Размери/Мащаб | 12 см |
| 380 ## - Жанр | |
| Жанр | Обществени науки |
| 590 ## - Забележки на библиотеката, притежаваща документа (RLIN) | |
| Служебно | S.N: 86128 от КНИГИ |
| 650 #4 - Допълнително описание по предмет – тема | |
| Основно описание – тема или топоним | Висши учебни заведения - България - Русе |
| 9 (RLIN) | 271055 |
| 653 ## - Ключова дума – ненормативна | |
| Ключова дума | висше образование |
| 653 ## - Ключова дума – ненормативна | |
| Ключова дума | висши училища |
| 653 ## - Ключова дума – ненормативна | |
| Ключова дума | сътрудничество |
| 653 ## - Ключова дума – ненормативна | |
| Ключова дума | Русенски университет |
| 659 ## - Тематичен бюлетин | |
| Тематичен бюлетин | К |
| 700 1# - Други автори (авторска отговорност) | |
| Лично име | Михов, Васил Димитров |
| Автороска отговорност (Описва отношението между автора и произведението) | състав. |
| 9 (RLIN) | 373667 |
| 700 1# - Други автори (авторска отговорност) | |
| Лично име | Костов, Цено Крумов |
| Автороска отговорност (Описва отношението между автора и произведението) | състав. |
| 9 (RLIN) | 383747 |
| 852 ## - Местоположение | |
| Форматна сигнатура | Цб CD 1998 |
| Част | 0 |
| 852 ## - Местоположение | |
| Форматна сигнатура | К 37/М 76 |
| 856 4# - Електронен адрес и достъп | |
| Електронен формат | pdf - файл |
| Път до файла /url/ | |
| 856 4# - Електронен адрес и достъп | |
| Електронен формат | pdf - файл |
| Път до файла /url/ | |
| 999 ## - СИСТЕМНИ КОНТРОЛНИ НОМЕРА | |
| Koha biblionumber | 220782 |
| Koha biblioitemnumber | 220782 |
| 942 ## - АРТИКУЛИ | |
| Вид на библиотечния материал | Компактдискове |
| Скрит в OPAC | Не |
| Периодичен библиозапис | Да |
| 944 ## - СЪЗДАВАНЕ И РЕДАКЦИЯ на ЗАПИСА | |
| Създаване/Редакция | Създаване |
| Дата на регистрацията/редакция | 31.10.2008 |
| Служител, извършил регистрацията/редакцията | Геновева_Генчева |
| 944 ## - СЪЗДАВАНЕ И РЕДАКЦИЯ на ЗАПИСА | |
| Създаване/Редакция | Редакция |
| Дата на регистрацията/редакция | 26.11.2008 |
| 999 ## - СИСТЕМНИ КОНТРОЛНИ НОМЕРА | |
| Koha biblioitemnumber | 220782 |
| Код за отписване | Код за изгубен артикул | Код за повреда | Коз за рестрикции | Код за отдаване | Артикулен № | Име на библиотеката - собственик | Име на библиотеката, в която се намира в момента | Статус (Текущо местоположение) | Дата на вписване в системата | Местоположение - отдел | Цена в лева | Инвентарен номер | Систематично азбучна сигнатура | Баркод | Номер на екземпляра | Цена в евро | Служебна бележка | Служебен тип на артикула |
|---|---|---|---|---|---|---|---|---|---|---|---|---|---|---|---|---|---|---|
| Не е изгубен | Не е повреден | без рестрикции | ползва се в читалня | 392617 | Регионална библиотека "Любен Каравелов" Русе | Регионална библиотека "Любен Каравелов" Русе | Краезнание | 2008-10-31 | Краезнание | 5.00 | 250000003429 | К 37/М 76 | 250000003429 | 1 | 2.56 | Дост: DA Вид: А N: 13 Дата: 31.10.2008 | Компактдискове |